[Event "IX Floripa Chess Open Fort Atacadista"]
[Site "Florianópolis - Santa Catari"]
[Date "2023.01.27"]
[Round "8.36"]
[White "Souza, Ramon Santana De"]
[Black "Fernandes Filho, Bergson Fragoso"]
[Result "1/2-1/2"]
[WhiteElo "1933"]
[BlackElo "2113"]
[PlyCount "32"]
[EventDate "2023.01.23"]
[EventRounds "10"]
[EventCountry "BRA"]

1. e4 Nf6 2. e5 Nd5 3. Nc3 Nxc3 4. bxc3 d6 5. f4 g6 6. Nf3 Bg7 7. Bc4 O-O 8.
O-O c5 9. d4 dxe5 10. fxe5 Nc6 11. Rb1 Bg4 12. Be3 Qa5 13. Qd3 Bxf3 14. Rxf3
Rad8 15. Rb5 Qa3 16. Rb3 Qa5 1/2-1/2

[Event "IX Floripa Chess Open Fort Atacadista"]
[Site "Florianópolis - Santa Catari"]
[Date "2023.01.27"]
[Round "8.37"]
[White "Do Nascimento, Christian Almeida"]
[Black "Jodorcovsky, Alejandro David"]
[Result "0-1"]
[WhiteElo "2097"]
[BlackElo "1808"]
[PlyCount "74"]
[EventDate "2023.01.23"]
[EventRounds "10"]
[EventCountry "BRA"]

1. d4 f5 2. Nf3 Nf6 3. c4 e6 4. g3 Be7 5. Bg2 O-O 6. O-O d6 7. Nc3 Ne4 8. Qc2
Nxc3 9. Qxc3 a5 10. b3 Nc6 11. a3 Bf6 12. Bb2 Qe8 13. Qd2 e5 14. dxe5 dxe5 15.
Rfd1 Be6 16. Ne1 e4 17. Bxf6 Rxf6 18. Nc2 a4 19. bxa4 Bxc4 20. Ne3 Bb3 21. Rdb1
Qe5 22. Qc1 Nd4 23. Bf1 Rxa4 24. Rb2 b6 25. Rab1 Bf7 26. Rb4 Rxb4 27. axb4 h6
28. Ra1 Rc6 29. Ra8+ Kh7 30. Qa1 Qf6 31. Kh1 Nb3 32. Qa6 f4 33. gxf4 Qxf4 34.
Kg1 Rf6 35. Nd1 Rg6+ 36. Bg2 Qc1 37. Rd8 Qg5 0-1

[Event "IX Floripa Chess Open Fort Atacadista"]
[Site "Florianópolis - Santa Catari"]
[Date "2023.01.27"]
[Round "8.38"]
[White "Da Silva, Daniel Pereira"]
[Black "De Carvalho, Vitor Augusto Ponci"]
[Result "0-1"]
[WhiteElo "1775"]
[BlackElo "2097"]
[PlyCount "70"]
[EventDate "2023.01.23"]
[EventRounds "10"]
[EventCountry "BRA"]

1. d4 Nf6 2. Bf4 d5 3. e3 Bg4 4. Be2 Bxe2 5. Qxe2 c6 6. h3 Nbd7 7. Nf3 g6 8.
O-O Bg7 9. c4 O-O 10. Nc3 Ne4 11. Nxe4 dxe4 12. Ng5 e5 13. dxe5 Nxe5 14. Nxe4
Qd3 15. Qxd3 Nxd3 16. c5 b6 17. Rad1 Nxb2 18. Rd6 Rfc8 19. cxb6 axb6 20. Rc1 c5
21. Rxb6 c4 22. Nc3 Nd3 23. Rc2 Ne1 24. Rc1 Nd3 25. Rc2 Bxc3 26. Rxc3 Rxa2 27.
Bh6 f5 28. Rd6 Ra1+ 29. Kh2 Nxf2 30. Rd4 Rh1+ 31. Kg3 Ne4+ 32. Rxe4 fxe4 33.
Kf4 Rg1 34. Rc2 c3 35. g4 Rd1 0-1

[Event "IX Floripa Chess Open Fort Atacadista"]
[Site "Florianópolis - Santa Catari"]
[Date "2023.01.27"]
[Round "8.39"]
[White "Souza, Rafael Cabral De"]
[Black "De Paula, Luan Araujo"]
[Result "1-0"]
[WhiteElo "2096"]
[BlackElo "1747"]
[PlyCount "109"]
[EventDate "2023.01.23"]
[EventRounds "10"]
[EventCountry "BRA"]

1. e4 c6 2. Nc3 d5 3. Nf3 Bg4 4. h3 Bxf3 5. Qxf3 e6 6. Be2 Nd7 7. O-O Qf6 8.
Qg3 Qe5 9. Qxe5 Nxe5 10. d4 Nd7 11. exd5 exd5 12. Bf4 O-O-O 13. a3 Ngf6 14. b4
Nb6 15. b5 Bd6 16. Bg5 Kc7 17. a4 Rhe8 18. a5 Nbd7 19. Rfb1 h6 20. Be3 Ne4 21.
Nxe4 dxe4 22. a6 b6 23. bxc6 Kxc6 24. Bb5+ Kc7 25. c4 Re7 26. Rb3 f5 27. Rc1
Rb8 28. Rcb1 Nf6 29. Ba4 Kd8 30. c5 Bc7 31. Bc6 f4 32. cxb6 Rxb6 33. Rxb6 Bxb6
34. Bxf4 Ne8 35. Bxe8 Kxe8 36. Be5 Rd7 37. Rb4 Kf7 38. Kf1 Rd5 39. Ra4 g6 40.
g4 Ke6 41. Ke2 Rb5 42. h4 h5 43. gxh5 gxh5 44. Bg7 Kd5 45. Ke3 Bd8 46. Bf8 Rb3+
47. Ke2 Bxh4 48. Ra5+ Kxd4 49. Bc5+ Kc4 50. Bxa7 Be7 51. Bb6 Rxb6 52. a7 Rb2+
53. Kd1 Kd3 54. Rd5+ Kc4 55. a8=Q 1-0

[Event "IX Floripa Chess Open Fort Atacadista"]
[Site "Florianópolis - Santa Catari"]
[Date "2023.01.27"]
[Round "8.40"]
[White "Silva, Gabryel Lunardi Car"]
[Black "Filgueiras, Nathan Felipe"]
[Result "0-1"]
[WhiteElo "1697"]
[BlackElo "2356"]
[PlyCount "92"]
[EventDate "2023.01.23"]
[EventRounds "10"]
[EventCountry "BRA"]

1. e4 c5 2. Nf3 Nc6 3. Bb5 e5 4. Bxc6 dxc6 5. d3 Bd6 6. h3 Ne7 7. Nc3 f6 8. Be3
O-O 9. Qd2 Be6 10. O-O-O b5 11. Kb1 Nc8 12. Ne2 Qe7 13. g4 a5 14. Nh4 Qf7 15.
Nc1 Rd8 16. f4 exf4 17. Bf2 a4 18. Nf5 b4 19. Nxd6 Nxd6 20. Qxf4 b3 21. cxb3
axb3 22. a3 c4 23. dxc4 Nxc4 24. Bc5 Rd7 25. Rd3 Ne5 26. Rg3 Rad8 27. g5 Ng6
28. Qe3 Rd1 29. Rgg1 Rxg1 30. Rxg1 f5 31. exf5 Bxf5+ 32. Ka1 Bc2 33. Re1 Qd5
34. Bb4 Nh4 35. Re2 Nf5 36. Qf4 Qd4 37. Qc7 Qd7 38. Qf4 Qd5 39. h4 c5 40. Bc3
Nd4 41. Bxd4 cxd4 42. Rf2 d3 43. Qd2 Qd4 44. Rf4 Qg1 45. Rf3 Qd4 46. Rh3 Ra8
0-1

[Event "IX Floripa Chess Open Fort Atacadista"]
[Site "Florianópolis - Santa Catari"]
[Date "2023.01.27"]
[Round "8.41"]
[White "Gomes, Luiz Alexandre De S"]
[Black "Nascimento, Pedro Henrique Alve"]
[Result "1-0"]
[WhiteElo "2335"]
[BlackElo "1978"]
[PlyCount "129"]
[EventDate "2023.01.23"]
[EventRounds "10"]
[EventCountry "BRA"]

1. e4 e6 2. d3 c5 3. Nf3 g6 4. Bg5 Qa5+ 5. Nc3 Bg7 6. Qd2 Nc6 7. Be2 Nge7 8. h4
h6 9. Bf4 d5 10. O-O d4 11. Nd1 Qxd2 12. Nxd2 e5 13. Bg3 Be6 14. a3 O-O 15. f4
exf4 16. Bxf4 Ne5 17. Nf2 b5 18. Nf3 N7c6 19. Kh2 Nxf3+ 20. Bxf3 Be5 21. g3 Kg7
22. Ng4 Bxg4 23. Bxg4 Rad8 24. Rae1 f6 25. h5 g5 26. Bd2 Bd6 27. Be6 Ne5 28.
Kh3 c4 29. dxc4 bxc4 30. Rd1 Bc5 31. Ba5 Rd6 32. Bd5 Rd7 33. Rf5 Rb8 34. b4
cxb3 35. cxb3 Bxa3 36. Rxd4 Rxb3 37. Ra4 Rd3 38. Rf1 Bd6 39. Be1 Rc7 40. Be6
Bc5 41. Ba5 Rb7 42. Ra2 Ra3 43. Rxa3 Bxa3 44. Bd5 Rb2 45. Be6 Rb7 46. Rd1 Be7
47. Rc1 Nd7 48. Bd5 Rb5 49. Bd2 Nc5 50. Ra1 a6 51. Bc3 Bd6 52. Kg4 Rb8 53. Kf5
Rf8 54. Ra5 Kh7 55. Bd4 Rc8 56. Bxf6 Bxg3 57. e5 Be1 58. Ra2 Bc3 59. Bf7 a5 60.
Rc2 Bd4 61. Rc4 Bb2 62. Be7 a4 63. Rxc5 Rxc5 64. Bxc5 a3 65. Bb3 1-0

[Event "IX Floripa Chess Open Fort Atacadista"]
[Site "Florianópolis - Santa Catari"]
[Date "2023.01.27"]
[Round "8.42"]
[White "Marra, Eduardo Da Costa"]
[Black "Dubrovich, Igor"]
[Result "1-0"]
[WhiteElo "2275"]
[BlackElo "1962"]
[PlyCount "101"]
[EventDate "2023.01.23"]
[EventRounds "10"]
[EventCountry "BRA"]

1. e4 c5 2. Nf3 d6 3. d4 cxd4 4. Nxd4 Nf6 5. Nc3 a6 6. h4 e6 7. g4 b5 8. g5
Nfd7 9. Be3 Bb7 10. a3 Nc5 11. Bg2 Qc7 12. Qd2 Be7 13. h5 Nbd7 14. O-O-O Ne5
15. Kb1 Nc4 16. Qe2 Qa5 17. Na2 Nxe4 18. Nb3 Qc7 19. Bd4 d5 20. Bxe4 dxe4 21.
Bxg7 Rg8 22. h6 Bxg5 23. Rhg1 Bf4 24. Nc3 Bd6 25. Nxe4 O-O-O 26. Nf6 Nxb2 27.
Nxg8 Nxd1 28. Rxd1 Rxg8 29. Qd3 Rd8 30. Qxh7 f5 31. Qg6 Qc4 32. Rd3 Kb8 33.
Rxd6 Rc8 34. Rd2 Be4 35. Qg3+ f4 36. Qxf4+ Ka8 37. Kb2 Qc6 38. Na5 e5 39. Qxe5
Qg6 40. f3 Bxf3 41. Qf6 Qxf6+ 42. Bxf6 Be4 43. Nb3 Rc6 44. Bg7 Kb8 45. Rd7 Bh7
46. Nd4 Rc4 47. Re7 Kc8 48. Be5 Rc5 49. Bf6 Bg6 50. h7 Bxh7 51. Rxh7 1-0

[Event "IX Floripa Chess Open Fort Atacadista"]
[Site "Florianópolis - Santa Catari"]
[Date "2023.01.27"]
[Round "8.43"]
[White "Villalba, Marcelo"]
[Black "Carvalho Jr, Celestino"]
[Result "1-0"]
[WhiteElo "2269"]
[BlackElo "1953"]
[PlyCount "65"]
[EventDate "2023.01.23"]
[EventRounds "10"]
[EventCountry "BRA"]

1. d4 d5 2. c4 e6 3. Nc3 Nf6 4. cxd5 exd5 5. Bg5 Be7 6. e3 O-O 7. Bd3 Nbd7 8.
Qc2 c6 9. Nf3 h6 10. Bf4 Nh5 11. Bg3 Re8 12. O-O Nxg3 13. hxg3 Nf6 14. Rab1 b6
15. b4 Bb7 16. Rfc1 Bd6 17. a4 Qe7 18. Qb2 Bxg3 19. a5 Bd6 20. Na4 Nd7 21. a6
Bc8 22. e4 Bf4 23. Re1 Qd6 24. exd5 Rxe1+ 25. Rxe1 cxd5 26. g3 Bg5 27. Nxg5
hxg5 28. Re8+ Nf8 29. Qc2 Bb7 30. Rxf8+ Kxf8 31. axb7 Rb8 32. Qc8+ Ke7 33. Nc3
1-0

[Event "IX Floripa Chess Open Fort Atacadista"]
[Site "Florianópolis - Santa Catari"]
[Date "2023.01.27"]
[Round "8.44"]
[White "Gattass, Allan"]
[Black "Ferraz, Michel Liah"]
[Result "1-0"]
[WhiteElo "2246"]
[BlackElo "1947"]
[PlyCount "53"]
[EventDate "2023.01.23"]
[EventRounds "10"]
[EventCountry "BRA"]

1. b3 d5 2. Bb2 Nf6 3. f4 c5 4. e3 Nc6 5. Bb5 Qb6 6. Be2 e6 7. Nf3 Be7 8. d3
O-O 9. Ne5 Qc7 10. O-O a6 11. Nd2 b5 12. a4 Bb7 13. Qe1 Nb4 14. Bd1 Rfc8 15. c3
Nc6 16. d4 b4 17. Nxc6 Qxc6 18. c4 Ne4 19. Nxe4 dxe4 20. f5 exf5 21. Rxf5 Qg6
22. Qf2 Bf6 23. Bh5 Qh6 24. Rf1 Kh8 25. Bxf7 Bg5 26. Be8 Bf6 27. Rh5 1-0

[Event "IX Floripa Chess Open Fort Atacadista"]
[Site "Florianópolis - Santa Catari"]
[Date "2023.01.27"]
[Round "8.45"]
[White "De Souza, Regis Gabetta"]
[Black "Muzzi, Eduardo"]
[Result "1/2-1/2"]
[WhiteElo "2221"]
[BlackElo "1917"]
[PlyCount "104"]
[EventDate "2023.01.23"]
[EventRounds "10"]
[EventCountry "BRA"]

1. d4 e6 2. c4 f5 3. Nf3 Nf6 4. Bf4 c6 5. e3 d5 6. Bd3 Be7 7. Nc3 O-O 8. O-O
Ne4 9. h3 Nd7 10. Qc2 Qe8 11. Bh2 Qh5 12. Ne5 Nxe5 13. Bxe5 Bf6 14. Bh2 Be7 15.
f3 Nd6 16. b3 Bd7 17. Rae1 Rac8 18. e4 fxe4 19. fxe4 Rxf1+ 20. Rxf1 Rf8 21.
Rxf8+ Bxf8 22. e5 Nf5 23. g4 Qg5 24. Nd1 Nxd4 25. Bxh7+ Kh8 26. Qd3 Bc5 27. Kh1
Be8 28. Bg1 Qxe5 29. b4 dxc4 30. Qe4 Bd6 31. Ne3 c5 32. Qxe5 Bxe5 33. Be4 Bc6
34. Bxc6 Nxc6 35. Nxc4 cxb4 36. Bxa7 Bd4 37. Bxd4 Nxd4 38. Nb2 Kh7 39. Kg2 g5
40. Kf2 Kg6 41. Ke3 Nc6 42. Nc4 Kf6 43. Nd6 b6 44. Nc4 Ne7 45. Nxb6 Ke5 46.
Nd7+ Kd6 47. Nf8 Nd5+ 48. Kd4 Nf4 49. Nh7 Nxh3 50. Nf6 Nf2 51. Nh7 Nxg4 52.
Nxg5 Nf6 1/2-1/2

[Event "IX Floripa Chess Open Fort Atacadista"]
[Site "Florianópolis - Santa Catari"]
[Date "2023.01.27"]
[Round "8.46"]
[White "Guimaraes, Wagner Peixoto"]
[Black "Pontes, Israel Fillip Da Si"]
[Result "1-0"]
[WhiteElo "2199"]
[BlackElo "1947"]
[PlyCount "51"]
[EventDate "2023.01.23"]
[EventRounds "10"]
[EventCountry "BRA"]

1. d4 d5 2. c4 e6 3. Nf3 Nf6 4. g3 Be7 5. Bg2 b6 6. O-O O-O 7. cxd5 exd5 8. Bf4
Bb7 9. Nc3 c5 10. dxc5 bxc5 11. Ne5 Na6 12. Qa4 Qc8 13. e3 d4 14. exd4 Bxg2 15.
Kxg2 cxd4 16. Qxd4 Qb7+ 17. Kg1 Qxb2 18. Rab1 Qa3 19. Nb5 Qxa2 20. Ra1 Qe6 21.
Rfe1 Qb6 22. Qxb6 axb6 23. Nc6 Bc5 24. Bd6 Bxd6 25. Nxd6 Nc5 26. Ne7+ 1-0

[Event "IX Floripa Chess Open Fort Atacadista"]
[Site "Florianópolis - Santa Catari"]
[Date "2023.01.27"]
[Round "8.47"]
[White "Da Silva, Luiz Matheus"]
[Black "Aranha Filho, Alvaro Z."]
[Result "0-1"]
[WhiteElo "1986"]
[BlackElo "2171"]
[PlyCount "100"]
[EventDate "2023.01.23"]
[EventRounds "10"]
[EventCountry "BRA"]

1. c4 e6 2. d4 Nf6 3. Nf3 b6 4. g3 Ba6 5. Qc2 Bb7 6. Nc3 c5 7. dxc5 Bxc5 8. Bg2
Na6 9. O-O Nb4 10. Qb1 Nc6 11. a3 Be7 12. Rd1 a6 13. Qd3 Na5 14. Nd2 Bxg2 15.
Kxg2 Qc7 16. b4 Nc6 17. f4 O-O 18. e4 d6 19. Bb2 Rfd8 20. Rac1 Qb7 21. Nf1 Rab8
22. Ne3 Na7 23. Kg1 b5 24. cxb5 Nxb5 25. Nxb5 axb5 26. Bxf6 Bxf6 27. Rc2 Qa7
28. Kg2 h5 29. Rdc1 Ra8 30. Ra2 g6 31. Rc6 Rdc8 32. Rxc8+ Rxc8 33. Nc2 Rc3 34.
Qxd6 Qb7 35. Qd2 Qxe4+ 36. Kh3 Qf5+ 37. Kg2 Rd3 38. Qe2 Qd5+ 39. Kh3 Rd2 40.
Ne3 Rxe2 41. Nxd5 Rxa2 42. Nxf6+ Kg7 43. Ne8+ Kf8 44. Nd6 Rxa3 45. Nxb5 Rb3 46.
Nd4 Rxb4 47. Nf3 Rb2 48. Ng5 Ke7 49. Ne4 f6 50. Nc3 Rc2 0-1

[Event "IX Floripa Chess Open Fort Atacadista"]
[Site "Florianópolis - Santa Catari"]
[Date "2023.01.27"]
[Round "8.48"]
[White "Pereira, Silvio Cunha"]
[Black "Cerrato, Alex"]
[Result "1/2-1/2"]
[WhiteElo "2159"]
[BlackElo "1915"]
[PlyCount "113"]
[EventDate "2023.01.23"]
[EventRounds "10"]
[EventCountry "BRA"]

1. e4 Nc6 2. Nf3 f5 3. Nc3 fxe4 4. Nxe4 d5 5. Ng3 Nf6 6. d4 Qd6 7. Be2 e5 8.
dxe5 Nxe5 9. O-O Nxf3+ 10. Bxf3 Be7 11. c4 dxc4 12. Qa4+ c6 13. Qxc4 Be6 14.
Qe2 Kf7 15. Bg5 Rhe8 16. Rfe1 Rad8 17. Rad1 Bd5 18. Bxd5+ cxd5 19. Nf5 Qd7 20.
Qf3 h6 21. Rxe7+ Rxe7 22. Bxf6 gxf6 23. Qh5+ Kg8 24. Qg6+ Rg7 25. Qxf6 Re8 26.
Nxg7 Qxg7 27. Qxg7+ Kxg7 28. Kf1 Rd8 29. Ke2 Kf6 30. Kd3 Ke5 31. Re1+ Kd6 32.
f4 Rf8 33. g3 Rc8 34. f5 Rf8 35. g4 h5 36. h3 hxg4 37. hxg4 Rg8 38. Re6+ Kc5
39. Rg6 Rh8 40. Rg7 Rh3+ 41. Kc2 Rh2+ 42. Kb3 Rh3+ 43. Ka4 d4 44. Rxb7 Rg3 45.
Rb3 Rxg4 46. Rf3 Kc4 47. f6 Rg8 48. b3+ Kd5 49. Ka3 Ke4 50. Rf1 Ke3 51. Kb2 d3
52. f7 Rf8 53. Rf6 d2 54. Re6+ Kd3 55. Rd6+ Ke2 56. Re6+ Kd3 57. Rd6+ 1/2-1/2

[Event "IX Floripa Chess Open Fort Atacadista"]
[Site "Florianópolis - Santa Catari"]
[Date "2023.01.27"]
[Round "8.49"]
[White "Rodriguez Farias, Eduardo"]
[Black "Caldeira, Adriano"]
[Result "0-1"]
[WhiteElo "1919"]
[BlackElo "2156"]
[PlyCount "75"]
[EventDate "2023.01.23"]
[EventRounds "10"]
[EventCountry "BRA"]

1. e4 c5 2. Nf3 e6 3. c3 Nf6 4. e5 Nd5 5. d4 cxd4 6. cxd4 d6 7. Bd3 Nd7 8. Nc3
Nxc3 9. bxc3 Qc7 10. O-O dxe5 11. Qe2 Be7 12. dxe5 O-O 13. Re1 Rd8 14. Bg5 Nc5
15. Bc2 b6 16. Bxe7 Qxe7 17. Nd4 Bb7 18. Qh5 g6 19. Qh6 Nd7 20. Re3 Rac8 21.
Rae1 a6 22. h4 Nf8 23. Bb1 Qa3 24. c4 Qa4 25. Ne2 Rxc4 26. Ng3 Rd1 27. Bd3
Rxe1+ 28. Rxe1 Rxh4 29. Qg5 Rg4 30. Qd8 Qd4 31. Qxd4 Rxd4 32. Be4 Bd5 33. f4
Nd7 34. Bxd5 Rxd5 35. Ne4 h6 36. Kf2 Kg7 37. Rc1 Nc5 38. Nd6 0-1

[Event "IX Floripa Chess Open Fort Atacadista"]
[Site "Florianópolis - Santa Catari"]
[Date "2023.01.27"]
[Round "8.50"]
[White "Feller, Gabriela Luisa Vice"]
[Black "Delgado, Lidio Dias"]
[Result "0-1"]
[WhiteElo "1914"]
[BlackElo "2150"]
[PlyCount "88"]
[EventDate "2023.01.23"]
[EventRounds "10"]
[EventCountry "BRA"]

1. d4 Nf6 2. c4 g6 3. Nf3 Bg7 4. Nc3 O-O 5. Bg5 h6 6. Bh4 c5 7. d5 d6 8. e3 Na6
9. Bd3 Nc7 10. O-O a6 11. a4 Bd7 12. a5 Rb8 13. Qc2 b5 14. axb6 Rxb6 15. Ra2
Qb8 16. Rb1 e6 17. dxe6 Bxe6 18. Na4 Rb4 19. Bg3 Rd8 20. h3 Qb7 21. b3 Bxh3 22.
Nxc5 dxc5 23. Bxc7 Qxc7 24. gxh3 Rb6 25. Bf1 Rbd6 26. Bg2 Qe7 27. Ra5 Ne4 28.
Rf1 Qc7 29. Qa2 Qb6 30. Ra3 Nc3 31. Qc2 Qb4 32. Raa1 Rb8 33. e4 Re6 34. e5 Qxb3
35. Qxb3 Ne2+ 36. Kh1 Rxb3 37. Ra5 Bxe5 38. Nxe5 Rxe5 39. Rxa6 Nf4 40. Rd1 Rg5
41. Bf1 Nxh3 42. Ra2 Rf3 43. Kh2 Nxf2 44. Rd5 Ng4+ 0-1

[Event "IX Floripa Chess Open Fort Atacadista"]
[Site "Florianópolis - Santa Catari"]
[Date "2023.01.27"]
[Round "8.52"]
[White "Bassani, Jaison Jose"]
[Black "Becker, Rogerio Sperb"]
[Result "1-0"]
[WhiteElo "1913"]
[BlackElo "2128"]
[PlyCount "72"]
[EventDate "2023.01.23"]
[EventRounds "10"]
[EventCountry "BRA"]

1. e4 Nf6 2. Nc3 d5 3. exd5 Nxd5 4. Bc4 e6 5. Nf3 Nxc3 6. bxc3 Be7 7. O-O O-O
8. d4 Nd7 9. Re1 Nf6 10. Bg5 b6 11. Ne5 Bb7 12. a4 a6 13. Qd3 Nd5 14. Bxe7 Qxe7
15. Bxd5 Bxd5 16. c4 Bb7 17. Re3 Rad8 18. Rh3 h6 19. c3 a5 20. Rg3 Rd6 21. Qe3
Kh7 22. Re1 Qf6 23. Rg4 Kg8 24. h4 Qf5 25. Qg3 Qh7 26. Rf4 Rdd8 27. Rxf7 Rxf7
28. Nxf7 Rf8 29. Ne5 Qf5 30. Ng4 Kh8 31. Re5 Qc2 32. Kh2 Qxa4 33. Nxh6 Qe8 34.
Ng4 Rf5 35. Re2 Qd8 36. Ne5 Qf6 1-0

[Event "IX Floripa Chess Open Fort Atacadista"]
[Site "Florianópolis - Santa Catari"]
[Date "2023.01.27"]
[Round "8.53"]
[White "Federzoni, Enzo"]
[Black "Freitas, Ronan Cunha"]
[Result "1-0"]
[WhiteElo "2123"]
[BlackElo "1898"]
[PlyCount "100"]
[EventDate "2023.01.23"]
[EventRounds "10"]
[EventCountry "BRA"]

1. e4 c5 2. Nf3 Nc6 3. d4 cxd4 4. Nxd4 Nf6 5. Nc3 e5 6. Ndb5 d6 7. Bg5 a6 8.
Na3 b5 9. Nab1 Be7 10. Bxf6 Bxf6 11. a4 b4 12. Nd5 O-O 13. Bc4 Be6 14. O-O Bg5
15. Qd3 Na5 16. Ba2 Rc8 17. Nxb4 Qb6 18. c3 Nc4 19. b3 Na5 20. Nd5 Qc6 21. Nd2
Nb7 22. b4 a5 23. Bc4 Qe8 24. Ba6 Bxd5 25. Qxd5 Bxd2 26. Qxd2 Qc6 27. b5 Qb6
28. Qd5 Rc7 29. Bxb7 Rxb7 30. Rfd1 Rd8 31. c4 Rc7 32. Qxe5 Rxc4 33. Qd5 Rc5 34.
Qd4 h6 35. e5 d5 36. h3 Qc7 37. Rab1 Rb8 38. Rd3 Rb6 39. Rbd1 Rg6 40. Qf4 d4
41. Rxd4 Rxe5 42. Re4 f6 43. Rxe5 fxe5 44. Qe4 Rd6 45. Rxd6 Qxd6 46. Qa8+ Kh7
47. Qe4+ Kh8 48. Kh2 Kg8 49. Qe3 e4+ 50. g3 Qd5 1-0

[Event "IX Floripa Chess Open Fort Atacadista"]
[Site "Florianópolis - Santa Catari"]
[Date "2023.01.27"]
[Round "8.54"]
[White "Correa, Joao Pedro Vieira"]
[Black "Trevisan, Rodrigo"]
[Result "0-1"]
[WhiteElo "1865"]
[BlackElo "2101"]
[PlyCount "78"]
[EventDate "2023.01.23"]
[EventRounds "10"]
[EventCountry "BRA"]

1. e4 e5 2. Nf3 Nf6 3. Nxe5 d6 4. Nf3 Nxe4 5. Nc3 Nf6 6. d4 d5 7. Bg5 Be7 8.
Bd3 Be6 9. O-O h6 10. Bf4 Nh5 11. Bd2 Nd7 12. Re1 Nhf6 13. Rxe6 fxe6 14. Bg6+
Kf8 15. Qe2 Ne4 16. Nxe4 dxe4 17. Qxe4 Bd6 18. Qxe6 Qf6 19. Qe4 c6 20. Re1 Kg8
21. Qd3 Nb6 22. c4 Rd8 23. b4 Nc8 24. c5 Ne7 25. Qc4+ Nd5 26. Qc2 Bf4 27. Qe4
Bxd2 28. Nxd2 Nf4 29. Bf5 Rxd4 30. Qb1 g6 31. Nf3 Rd8 32. Bc2 Kg7 33. g3 Nh3+
34. Kg2 Rhe8 35. Kxh3 Qxf3 36. Rxe8 Rxe8 37. Bxg6 Re5 38. Qb2 Qf6 39. f4 Rh5+
0-1

[Event "IX Floripa Chess Open Fort Atacadista"]
[Site "Florianópolis - Santa Catari"]
[Date "2023.01.27"]
[Round "8.55"]
[White "Starke, Bruno Orlando"]
[Black "De Freitas, Isabella Ribeiro Co"]
[Result "1-0"]
[WhiteElo "2100"]
[BlackElo "1886"]
[PlyCount "69"]
[EventDate "2023.01.23"]
[EventRounds "10"]
[EventCountry "BRA"]

1. c4 c5 2. Nf3 Nf6 3. Nc3 Nc6 4. d4 cxd4 5. Nxd4 g6 6. e4 d6 7. Be2 Bg7 8. Be3
a5 9. O-O O-O 10. Ndb5 Nd7 11. Qd2 Nc5 12. f4 b6 13. Bf3 Bb7 14. Rad1 a4 15.
Qe2 Qb8 16. Nd5 Ra6 17. Bf2 Rd8 18. Bh4 Bf8 19. f5 f6 20. fxg6 hxg6 21. Bg4 Ne5
22. Nbc7 Ra7 23. Be6+ Kg7 24. Bh3 Bc6 25. Nb5 Rb7 26. Nd4 Bd7 27. Bxd7 Rbxd7
28. b4 axb3 29. axb3 Kf7 30. b4 Ne6 31. Nxe6 Kxe6 32. Bxf6 Ra7 33. Bxe5 Kxe5
34. Qg4 Qc8 35. Qxg6 1-0

[Event "IX Floripa Chess Open Fort Atacadista"]
[Site "Florianópolis - Santa Catari"]
[Date "2023.01.27"]
[Round "8.56"]
[White "Cordeiro, Marco Aurelio Zaror"]
[Black "Rosa, Gabriel Redon"]
[Result "0-1"]
[WhiteElo "2099"]
[BlackElo "1883"]
[PlyCount "120"]
[EventDate "2023.01.23"]
[EventRounds "10"]
[EventCountry "BRA"]

1. e4 c5 2. Nf3 Nc6 3. Bb5 e6 4. O-O Nge7 5. Re1 a6 6. Bf1 d5 7. exd5 Nxd5 8.
d4 cxd4 9. Nxd4 Bd7 10. Nf3 Be7 11. c4 Nf6 12. a3 O-O 13. b4 Qc7 14. Bb2 Rfd8
15. Nbd2 b6 16. Qb3 Bc8 17. Rad1 Bb7 18. Bd3 a5 19. b5 Nb8 20. Qc2 Nbd7 21. Ne4
Nxe4 22. Bxe4 Bxe4 23. Qxe4 Bf6 24. Bxf6 Nxf6 25. Qc2 Rxd1 26. Rxd1 Rc8 27. Qe2
Qc5 28. Ne5 Qxa3 29. g4 h6 30. h4 Qh3 31. g5 hxg5 32. hxg5 Nh5 33. Qe4 Qb3 34.
Rd3 Qb1+ 35. Kh2 Rf8 36. Nd7 Re8 37. Nxb6 Qc2 38. Qf3 Nf4 39. Rd4 Qh7+ 40. Kg1
e5 41. Rd1 Qg6 42. Nd5 Qxg5+ 43. Kf1 Ne6 44. Qe3 Qf5 45. Ra1 Nf4 46. Nxf4 exf4
47. Qf3 g5 48. Rxa5 g4 49. Qd5 Qb1+ 50. Kg2 f3+ 51. Kg3 Qg1+ 52. Kf4 Re6 53.
Ra8+ Kg7 54. Qd4+ Rf6+ 55. Ke5 Qe1+ 56. Kd5 Qe6+ 57. Kc5 Qb6+ 58. Kd5 Qb7+ 59.
Ke5 Qxa8 60. Qxg4+ Rg6 0-1

[Event "IX Floripa Chess Open Fort Atacadista"]
[Site "Florianópolis - Santa Catari"]
[Date "2023.01.27"]
[Round "8.57"]
[White "Andrade, Guilherme A. De Sou"]
[Black "Ferreira, Thales Bond Dias"]
[Result "0-1"]
[WhiteElo "1913"]
[BlackElo "2085"]
[PlyCount "64"]
[EventDate "2023.01.23"]
[EventRounds "10"]
[EventCountry "BRA"]

1. e4 c6 2. d4 d5 3. exd5 cxd5 4. c4 Nf6 5. Nc3 e6 6. Nf3 Bb4 7. cxd5 Nxd5 8.
Bd2 Nc6 9. Bd3 O-O 10. O-O Be7 11. Re1 Bf6 12. Be3 Nxc3 13. bxc3 b6 14. Qc2 g6
15. Bh6 Re8 16. h4 Bg7 17. Qd2 Bb7 18. h5 Bxh6 19. Qxh6 Qf6 20. hxg6 hxg6 21.
Ng5 Qg7 22. Qh4 Ne7 23. g4 Rac8 24. c4 Red8 25. Re3 Rxd4 26. Rae1 Rd6 27. Rh3
Rcd8 28. Nh7 Rxd3 29. Nf6+ Kf8 30. Nh7+ Ke8 31. Nf6+ Qxf6 32. Qxf6 Rxh3 0-1

[Event "IX Floripa Chess Open Fort Atacadista"]
[Site "Florianópolis - Santa Catari"]
[Date "2023.01.27"]
[Round "8.58"]
[White "Passos, Rafael Moreira"]
[Black "Silva, Caio Henrique Angel"]
[Result "0-1"]
[WhiteElo "1891"]
[BlackElo "2081"]
[PlyCount "52"]
[EventDate "2023.01.23"]
[EventRounds "10"]
[EventCountry "BRA"]

1. e4 c6 2. d4 d5 3. e5 c5 4. dxc5 e6 5. a3 Bxc5 6. Nf3 Nc6 7. Bd3 f6 8. b4 Be7
9. Bb2 Nh6 10. O-O Nf7 11. Re1 Ncxe5 12. Nxe5 fxe5 13. Qg4 Bd7 14. Nd2 Bf6 15.
f3 O-O 16. Qh3 g6 17. Nf1 Qb6+ 18. Kh1 a5 19. Ne3 axb4 20. Nxd5 exd5 21. Qxd7
Rfd8 22. Qg4 bxa3 23. Bxg6 axb2 24. Bh5+ Bg7 25. Rab1 Nh6 26. Qg3 Qd4 0-1

[Event "IX Floripa Chess Open Fort Atacadista"]
[Site "Florianópolis - Santa Catari"]
[Date "2023.01.27"]
[Round "8.59"]
[White "Cardozo, Matheus Santos"]
[Black "Madeira, Wagner Martins"]
[Result "1/2-1/2"]
[WhiteElo "1856"]
[BlackElo "2080"]
[PlyCount "41"]
[EventDate "2023.01.23"]
[EventRounds "10"]
[EventCountry "BRA"]

1. Nf3 Nf6 2. c4 c5 3. g3 d5 4. cxd5 Nxd5 5. Bg2 Nc6 6. Nc3 Nc7 7. d3 e5 8. O-O
Be7 9. b3 O-O 10. Bb2 f6 11. Rc1 Bd7 12. Qd2 Rc8 13. Rfd1 Qe8 14. h3 Qh5 15. g4
Qf7 16. Ne4 b6 17. Ng3 a5 18. e3 Kh8 19. d4 cxd4 20. exd4 Bb4 21. Qc2 1/2-1/2

[Event "IX Floripa Chess Open Fort Atacadista"]
[Site "Florianópolis - Santa Catari"]
[Date "2023.01.27"]
[Round "8.61"]
[White "Moyses Sobrinho, Elias"]
[Black "Mazetto, Sergio Luiz"]
[Result "1/2-1/2"]
[WhiteElo "1852"]
[BlackElo "2065"]
[PlyCount "90"]
[EventDate "2023.01.23"]
[EventRounds "10"]
[EventCountry "BRA"]

1. d4 d5 2. c4 c6 3. cxd5 cxd5 4. Nc3 Nf6 5. Bf4 Nc6 6. e3 a6 7. Nf3 Bg4 8. Be2
Bxf3 9. Bxf3 e6 10. O-O Bd6 11. Bxd6 Qxd6 12. h3 O-O 13. a3 b5 14. b4 Rac8 15.
Rc1 Nd7 16. Nb1 Nb6 17. Nd2 Nc4 18. Nxc4 bxc4 19. Qd2 Rb8 20. Rfd1 Rb5 21. e4
Rfb8 22. exd5 exd5 23. Qe3 a5 24. bxa5 Rxa5 25. Rc3 h6 26. Ra1 Rab5 27. g3 Rb3
28. Bd1 Rxc3 29. Qxc3 Qf6 30. a4 Nxd4 31. Kg2 Nc6 32. Qxf6 gxf6 33. Bf3 Rd8 34.
a5 Rd7 35. a6 Kf8 36. Bxd5 Rxd5 37. a7 Nxa7 38. Rxa7 Rc5 39. Ra2 Ke7 40. Kf3 f5
41. Ke3 c3 42. Rc2 Kf6 43. Kd4 Re5 44. Rxc3 Re2 45. Rf3 Kg5 1/2-1/2